[Event "FICGS theme 0001 email"]
[Site "FICGS email"]
[Date "2012.05.09"]
[Round "1"]
[White "Shishkin, Viktor"]
[Black "Gray, Garvin"]
[Result "0-1"]
[WhiteElo "1705"]
[BlackElo "2225"]
[PlyCount "22"]
[EventDate "2012.??.??"]
[EventType "swiss (corr)"]
[EventRounds "1"]
[SourceTitle "Corr 2022"]
[Source "ChessBase"]
[SourceDate "2021.10.24"]
[SourceVersion "1"]
[SourceVersionDate "2021.10.24"]
[SourceQuality "1"]

1. e4 c5 2. Nf3 d6 3. d4 cxd4 4. Nxd4 Nf6 5. Nc3 g6 6. Be3 Bg7 7. f3 0-0 8. Qd2 Nc6 9. Bc4 Bd7 10. 0-0-0 Rc8 11. Be2 a6 0-1

[Event "FICGS theme 0001 email"]
[Site "FICGS email"]
[Date "2012.05.09"]
[Round "1"]
[White "Shishkin, Viktor"]
[Black "Roe, Philip"]
[Result "0-1"]
[WhiteElo "1705"]
[BlackElo "1765"]
[PlyCount "20"]
[EventDate "2012.??.??"]
[EventType "swiss (corr)"]
[EventRounds "1"]
[SourceTitle "Corr 2022"]
[Source "ChessBase"]
[SourceDate "2021.10.24"]
[SourceVersion "1"]
[SourceVersionDate "2021.10.24"]
[SourceQuality "1"]

1. e4 c5 2. Nf3 d6 3. d4 cxd4 4. Nxd4 Nf6 5. Nc3 g6 6. Be3 Bg7 7. f3 0-0 8. Qd2 Nc6 9. Bc4 Nd7 10. 0-0-0 Nb6 0-1

[Event "FICGS class M 000051 email"]
[Site "FICGS email"]
[Date "2011.10.21"]
[Round "1"]
[White "Shishkin, Viktor"]
[Black "Laskov, Andrei"]
[Result "1-0"]
[WhiteElo "2234"]
[BlackElo "2212"]
[PlyCount "21"]
[EventDate "2011.??.??"]
[EventType "tourn (corr)"]
[EventRounds "2"]
[SourceTitle "Corr 2022"]
[Source "ChessBase"]
[SourceDate "2021.10.24"]
[SourceVersion "1"]
[SourceVersionDate "2021.10.24"]
[SourceQuality "1"]

1. e4 c5 2. Nf3 d6 3. d4 cxd4 4. Nxd4 Nf6 5. Nc3 a6 6. h3 e6 7. g4 d5 8. exd5 Nxd5 9. Nde2 Bb4 10. Bg2 0-0 11. a3 1-0